QUEST Central Library Banner

Principles of engineering thermodynamics / (Record no. 13778)

MARC details
000 -LEADER
fixed length control field 00543nam a2200169 a 4500
020 ## - INTERNATIONAL STANDARD BOOK NUMBER
ISBN 033337150X (paperback)
020 ## - INTERNATIONAL STANDARD BOOK NUMBER
ISBN 9780333371503 (paperback)
100 1# - MAIN ENTRY--AUTHOR NAME
Personal name Goodger, E.M.
245 10 - TITLE STATEMENT
Title Principles of engineering thermodynamics /
250 ## - EDITION STATEMENT
Edition statement 2nd ed.
260 ## - PUBLICATION, DISTRIBUTION, ETC. (IMPRINT)
Place of publication [S.l.] :
Name of publisher Palgrave Macmillan,
Year of publication 1984.
300 ## - PHYSICAL DESCRIPTION
Number of Pages 256 p.
856 40 - ELECTRONIC LOCATION AND ACCESS
Uniform Resource Identifier http://www.amazon.com/exec/obidos/ASIN/033337150X/chopaconline-20
Holdings
Withdrawn status Lost status Home library Current library Date acquired Cost, normal purchase price Full call number Accession Number Koha item type
    Central Library, QUEST, Nawabshah Central Library, QUEST, Nawabshah 21/08/2015 504.00 621.01GOO 10916 Books

Copyright © 2018,The QUEST, Nawabshah, Shaheed Benazirabad. All rights reserved
Mr. G. Farooq Channar (Librarian) QUEST, Nawabshah, Sindh, Pakistan 67480.
 Ph#: |   0244-9370381-4 Ext. 2308   Email| lib@quest.edu.pk   Web|  http://www.quest.edu.pk